000 00372 a2200109 4500
001 ART_47322
005 20260410162006.0
008 260409a
245 1 0 _aGénesis y concepción del derecho real de superficie en el Código Civil y Comercial
100 1 _aHumphreys, Ethel
773 0 _tTemas de derecho civil
_g- Año 4, N° 8 (ago. 2018)
_wREV34778
999 _c31760
_d31760